| 000 | 00820nmm a2200277 a 4500 | ||
|---|---|---|---|
| 003 | AR-BaBNM | ||
| 005 | 20251128211113.0 | ||
| 008 | 232120s2001 ||||||||||||||000 | spa|| | ||
| 020 | _a950-537-564-6 | ||
| 040 | _cAR-BaBNM | ||
| 245 | 1 | 0 |
_aDiseño educativo _bun camino para responder a las necesidades de la formación |
| 260 |
_aBuenos Aires _bEdiciones Macchi _c2001 |
||
| 300 | 0 | _a214 p. | |
| 504 | _aContiene referencias bibliográficas en notas al pie | ||
| 650 | 4 | _aPROGRAMACION PEDAGOGICA | |
| 653 | 0 | _aPLANEAMIENTO EDUCATIVO | |
| 653 | 0 | _aFORMACION DE FORMADORES | |
| 653 | 0 | _aDISENO CURRICULAR | |
| 653 | 0 | _aCAPACITACION DOCENTE | |
| 653 | 0 | _aCAPACITACION LABORAL | |
| 700 | 1 | _aBlake, Oscar J. | |
| 700 | 1 | _aBronstein, Débora | |
| 700 | 1 | _aKort, Graciela | |
| 942 | _cBK | ||
| 998 | _craquel | ||
| 999 |
_c18237 _d18237 |
||